000 00720nam a22002297a 4500
005 20170124105948.0
010 _aA-701855
020 _c00.00
_a8170995302
035 _aA-701855
037 _bCen Lib/Ret
040 _aDPL
_bEN
082 _a338.9
_bPRA
245 _aNew economic policy :
_cedited by Siddheswar Prasad [and] Jagdish Prasad
_breforms and development /
260 _aNew Delhi
_bMittal Publications
_c1993
270 _aA-110, Mohan Garden
_bNew Delhi
_e110059
300 _ax, 294p.
_c21cm(Hb)
500 _aIncludes index
650 _aIndia
_975904
650 _aEconomic policy
_93998
700 _aPrasad, Jagdish
_912793
942 _2ddc
_cEN
_h338.9
_mPRA
999 _c125040
_d125040